000
00416nam a22001697a 4500
003
MPLRDC
005
20220104144421.0
008
210129b ||||| |||| 00| 0 eng d
082
_a
494.07 HFGL
100
_a
不详
245
_a
管理上常见的杀手
_c
260
_a
_b
哈佛企丛管理顾问公司出版社
_c
300
_b
精
490
_a
哈佛管理丛书
650
_a
942
_c
BK
_o
494.07 HFGL
999
_c
49409
_d
49399